| 000 | 00828nam a2200265 i 4500 | ||
|---|---|---|---|
| 001 | 18542 | ||
| 003 | ES-MaACL | ||
| 005 | 20240209181029.0 | ||
| 007 | t| | ||
| 008 | 011016s2000 sp ||||0| spa j | ||
| 020 | _a84-7090-395-0 | ||
| 040 |
_aM-BN _bspa _cM-BN |
||
| 080 | _a908.4 | ||
| 080 | _a811(4) | ||
| 100 | 1 |
_aMarín González, Gelu. _976790 |
|
| 245 | 1 | 0 |
_aAtlas de Europa _b: la Europa de las lenguas, la Europa de las naciones / _cGelu Marín González. |
| 260 |
_aTres Cantos (Madrid) : _bIstmo, _c[2000] |
||
| 300 |
_a620 p : _bmapas ; _c18 cm. |
||
| 490 | 1 |
_aFundamentos ; _v159 |
|
| 651 | 4 |
_aEuropa- _xDescripción. _98594 |
|
| 651 | 4 |
_aEuropa- _xLenguas. _98617 |
|
| 830 | 0 | 0 |
_aFundamentos (Ediciones Istmo) _v159 _9121682 |
| 852 |
_aES-MaACL _jL-25116 _bR.130401 |
||
| 999 |
_c18542 _d18542 |
||